Gracze ze Squid Game 1 - Statystyki

Ogólne statystyki
  • Ten quiz został rozwiązany 377 razy
  • Średni wynik to 6 z 9
Statystyki odpowiedzi
Odpowiedź % Poprawnych
Seong Gi-hun "456"
100%
Oh Il-nam "001"
92%
Kang Sae-byeok "067"
84%
Cho Sang Woo "218"
80%
Jang Deok-su "101"
76%
Abdul Ali "199"
74%
Han Mi-nyeo "212"
62%
Ji-yeong "240"
40%
Byeong-gi "111"
31%
Nie znaleziono quizów pasujących do podanych kryteriów
Rozkład punktacji
Procent ludzi z każdym wynikiem
Percentyl według liczby udzielonych odpowiedzi
Twoja historia wyników
Nie rozwiązałeś tego quizu